Banished to the End! (A-Z) Quiz Stats

 Plays Quiz Updated Jun 6, 2019

Score 0/26 Timer 12:00
1 Play Today
First Hint Word Pair % Correct
Genghis or KublaiKHAN → HANK
84%
Rental agreementLEASE → EASEL
71%
Musical set in ArgentinaEVITA → VITAE
70.5%
StandoffishALOOF → LOOFA
67.5%
Reduce in rankDEMOTE → EMOTED
64.8%
Basil-based saucePESTO → ESTOP
64.6%
ElevationHEIGHT → EIGHTH
64.2%
Decorated a cakeICED → CEDI
57.8%
Cypriot capitalNICOSIA → ICOSIAN
36.3%
Legal drinking age at Caesar's palace?XXI → XIX
33.4%
Verbally abuseREVILE → EVILER
27.4%
Tiny hairsCILIA → ILIAC
23.5%
Kind of collarFLEA → LEAF
22.3%
First Hint Word Pair % Correct
Beachgoer's applicationSUNBLOCK → UNBLOCKS
21.5%
Slangy affirmativesYUPS → UPSY
21%
Marshmallow ingredientGELATIN → ELATING
19.6%
Cricket segmentsOVERS → VERSO
19.6%
Self-distributed magZINE → INEZ
19.5%
Old Testament bookJOB → OBJ.
18.4%
Hints of colorTINGES → INGEST
18%
Indian fritter (often onion)BHAJI → HAJIB
17.2%
Grow less visibleWANE → ANEW
15.8%
Palm of the handVOLA → OLAV
13.4%
British panel game / quiz showQI → IQ
11.3%
Inflammation of the cheekMELITIS → ELITISM
3.1%
Let go ofUNHAND → NHANDU
3.1%

You're not logged in!

Compare scores with friends on all Sporcle quizzes.
OR
Log In

Sporcle TV

Today on Sporcle TV


Watch our educational content, quiz creation guides, and fun videos on Sporcle TV.

Show Comments

Extras

Top Quizzes Today


Score Distribution

Your Account Isn't Verified!

In order to create a playlist on Sporcle, you need to verify the email address you used during registration. Go to your Sporcle Settings to finish the process.

Report this User

Report this user for behavior that violates our Community Guidelines.

Details: